000 00979nam a2200253Ia 4500
003 OSt
005 20220923230959.0
006 a|||||r|||| 00| 0
007 ta
008 220922b |||||||| |||| 00| 0 hin d
024 _a327,521
037 _cTextual
040 _aARTS
_cARTS
_bhin
041 _2hin
_ahin
082 _aZ2:4, 152M3
100 _aबांगिया, आर. के., ले.
245 0 _aअपकृत्य विधि तथा उपभोक्ता संरक्षण अधिनियम, 1986
246 _aApakṛutya vidhi tathā upabhoktā sanrakṣhaṇ adhiniyama, 1986
260 _aइलाहाबाद
_b इलाहाबाद लॉ एजेन्सी पब्लिकेशन्स
_c1983
300 _a503पृ.
_ccm.
650 _aकानून शास्त्र
942 _hZ2:4, 152M3
_cTEXL
_2CC
999 _c388567
_d388567